Vornamen von Bundesliga Spielern 24/25 - Statistiken

Allgemein
  • Dieses Quiz wurde 144 mal gespielt
  • Das Durchschnittsergebnis liegt bei 8 aus 15
Antwortstatistiken
Hint Antwort % Korrekt
Ekitike Hugo
91%
Urbig Jonas
86%
Elvedi Nico
85%
Atubolu Noah
77%
Pieper Amos
70%
Jeltsch Finn
67%
Krätzig Frans
65%
Jae-sung Lee
56%
Vranckx Aster
42%
Juranovic Josip
31%
Paredes Kevin
31%
Svensson Daniel
29%
Lynen Senne
29%
Essende Samuel
23%
Nekic Ivan
9%
Keine übereinstimmenden Quizze gefunden
Verteilung der Resultate
Anzahl Personen mit jedem Resultat
Perzentil nach korrekt beantworteten Fragen
Ihre Resultats-Entwicklung
Sie haben dieses Quiz noch nicht gespielt